000 00788nam a22002777a 4500
003 CHAP
005 20220329140133.0
008 971013s1959 r 00010 d
010 _a47518
011 _a48490
035 _a52636
040 _cCHAP
082 _a621.01
_bV3
100 0 0 _aVan Wylen, Gordon J.
_9117830
245 _aThermodynamics
260 _aNew York :
_bWiley,
_c1959
300 _a601 p.
_b: ilus.
590 _aBATCH-UPD
_b10
_c20130110
_lUCH01
_h1757
590 _aBATCH-UPD
_b10
_c20130410
_lUCH01
_h1134
590 _aBATCH-UPD
_b10
_c20130914
_lUCH01
_h2044
590 _aCONVERSION
_b10
_c20130109
_lUCH01
_h1326
650 1 4 _aTermodinámica.
_9112366
901 _aBK
942 _cLIBRO
949 _a621.01 V3
_bBC
_cLIBRO
_d33724000463303
_eLIBRO
_h12725
_i52636
_si
999 _c47518
_d47518